Strzelcy bramek Barcelony w sezonie 2019/2020. - Statystyki

Ogólne statystyki
  • Ten quiz został rozwiązany 85 razy
  • Średni wynik to 12 z 18
Statystyki odpowiedzi
Piłkarz % Poprawnych
Messi
100%
Pique
97%
Suarez
97%
Alba
91%
Dembele
84%
Busquets
81%
Fati
76%
De Jong
73%
Griezmann
72%
Roberto
72%
Lenglet
71%
Rakitic
68%
Semedo
58%
Vidal
57%
Arthur
44%
Braithwaite
33%
Firpo
24%
Perez
6%
Nie znaleziono quizów pasujących do podanych kryteriów
Rozkład punktacji
Procent ludzi z każdym wynikiem
Percentyl według liczby udzielonych odpowiedzi
Twoja historia wyników
Nie rozwiązałeś tego quizu